000 01248cam a2200313 i 4500
001 49830
003 Mx-PuUPA
005 20230522100956.0
008 140415s2011 mx a r 000 0 mul d
020 _a9786079529512
040 _aMX-PuUPA
_bspa
_erda
_cMx-PuUPA
_dMx-PuUPA
041 1 _aspa
_aeng
100 1 _aMéndez Hernández, José Abraham,
_eautor
_96480
245 1 3 _aEl carnaval en el barrio del Alto =
_bThe carnival in "El Alto" neighborhood /
_cJosé Abraham Méndez Hernández ; traducción al inglés, Jacqueline Lucila Méndez Hernández.
246 3 1 _aThe carnival in "El Alto" neighborhood.
250 _aPrimera edición
264 1 _aPuebla, México :
_bGrupo Editorial y Digital el Puente,
_c2011
300 _a71 páginas :
_bilustraciones (principalmente a color) ;
_c23 cm.
336 _atexto
_2rdacontent
_btxt
337 _asin medio
_2rdamedia
_bn
338 _avolumen
_2rdacarrier
_bnc
546 _aTexto en español e inglés.
650 7 _aCarnaval
_xHistoria
_zPuebla
_2armarc
651 4 _aPuebla
_xVida social y costumbres
700 1 _aMéndez Hernández, Jacqueline Lucila,
_etraductor
942 _2ddc
_cLI
_h394.25097248
_iM534
999 _c49830
_d49830